¿Qué significa juventud?: concepciones sobre la juventud en la historia social alemana (Record no. 75541)

MARC details
000 -CABECERA
campo de control de longitud fija 00617nam a2200193 a 4500
005 - FECHA Y HORA DE LA ÚLTIMA TRANSACCIÓN
campo de control 20210219153401.0
008 - ELEMENTOS DE LONGITUD FIJA--INFORMACIÓN GENERAL
campo de control de longitud fija 991125n 000 0 u
035 ## - NÚMERO DE CONTROL DEL SISTEMA
Número de control de sistema UPN01000095519
100 ## - ASIENTO PRINCIPAL--NOMBRE PERSONAL
Nombre de persona HERRMAN, Ulrich
222 ## - TÍTULO CLAVE
Título clave EDUCACION :
Información calificativa COLECCION SEMESTRAL DE APORTACIONES ALEMANAS RECIENTES EN LAS CIENCIAS PEDAGOGICAS
245 ## - MENCIÓN DE TÍTULO
Título ¿Qué significa juventud?: concepciones sobre la juventud en la historia social alemana
300 ## - DESCRIPCIÓN FÍSICA
Extensión 95-112
362 ## - FECHAS DE PUBLICACIÓN Y/O DESIGNACIÓN SECUENCIAL
Fecha de publicación y/o designación secuencial 1985 Vol. 32
653 0# - TERMINO DE INDIZACION - NO CONTROLADO
Término no controlado JUVENTUD
653 0# - TERMINO DE INDIZACION - NO CONTROLADO
Término no controlado REPUBLICA FEDERAL DE ALEMANIA
653 0# - TERMINO DE INDIZACION - NO CONTROLADO
Término no controlado SOCIEDAD
904 ## - ELEMENTOS DE DATOS D LOCAL, LDD (RLIN)
a AC
b 033330
905 ## - TIPO DE MATERIAL
Tipo de material Articulo

No items available.